| 000 | 00000nam 2200000za 4500 |
| 001 | 9.816807 |
| 003 | CaOODSP |
| 005 | 20250303104652 |
| 007 | cr ||||||||||| |
| 008 | 160503s1922 oncao|||o f000 0 eng d |
| 040 | |aCaOODSP|beng |
| 043 | |an-cn-ab |
| 086 | 1 |aA12-2/6-1922E-PDF |
| 245 | 00|aResults of experiments at Fort Vermilion, Alta. |h[electronic resource] : |bcompiled from the annual detailed reports of Robert Jones, Superintendent. |
| 246 | 36|aResults of experiments at Fort Vermilion, Alberta |
| 260 | |aOttawa : |bDept. of Agriculture : |bDominion Experimental Farms, |c1922. |
| 300 | |a33 p. |
| 490 | 1 |aBulletin, New series |vno. 6 |
| 500 | |aHistorical publication digitized from Agriculture and Agri-Food Canada collection. |
| 692 | 07|2gccst|aAgriculture |
| 692 | 07|2gccst|aAgriculture statistics |
| 692 | 07|2gccst|aHorticulture |
| 700 | 1 |aJones, Robert. |
| 710 | 1 |aCanada. |bDepartment of Agriculture. |
| 710 | 2 |aDominion Experimental Farms and Stations (Canada) |
| 775 | 08|tRésultats des expériences faites à Fort Vermilion, Alta. : |w(CaOODSP)9.907361 |
| 830 | #0|aBulletin (Canada. Department of Agriculture)|vno. 6|w(CaOODSP)9.812039 |
| 856 | 40|qPDF|s3.30 MB|uhttps://publications.gc.ca/collections/collection_2016/aac-aafc/agrhist/A12-2-6-1922-eng.pdf |